000 00754nam a2200253Ia 4500
005 20250117103444.0
008 008 250103s9999 xx 000 0 eng d
020 _a9780470089859
037 _aTextbook
040 _aCSL
_beng
_cCSL
041 _aeng
_2eng
084 _aG11:(9S:71) P7;4-;6 TY
_qCSL
100 _aClaverie, Jean-Michel
245 0 _aBioinformatic for dummies
_cClaverie, Jean-Michel; Notredame, Cedric
250 _a2nd
260 _aIndiapolis
_bWiley
_c2007
300 _axvii, 436p. ill.
650 _a Part of tens
_9733147
650 _a Sequence analysis
_9711791
650 _aZoology
700 _a Notredame, Cedric
942 _cTB
_hG11:(9S:71) P7;4-;6 TY
999 _c1237437
_d1237437